Páginas limpias para la paz

Guardat en:
Dades bibliogràfiques
Autor principal: Arias Sánchez, Oscar
Autor corporatiu: Costa Rica. Presidencia de la República
Format: Text
Publicat: San José: UCR
Etiquetes: Afegir etiqueta
Sense etiquetes, Sigues el primer a etiquetar aquest registre!

MARC

LEADER 00000 a a2200000 04500
001 21794
003
040
090 |a 097700  
100 |a Arias Sánchez, Oscar  
110 |a Costa Rica. Presidencia de la República  
245 |a Páginas limpias para la paz  
260 |a San José:   |b UCR  
300 |a 11 p.  
999 |c 973  |d 973